| 000 | 01039cam a2200229 4500 | ||
|---|---|---|---|
| 001 | ABS68281 | ||
| 008 | 040924n2004 000 0 eng u | ||
| 035 | _a(Sirsi) u127520 | ||
| 100 | _aBarmania, A. | ||
| 245 | _aEstimating in 3D: the next dimension | ||
| 260 | _c2004 | ||
| 490 |
_aCost Engineer _v42(5) September 2004, 14-19(6) |
||
| 520 | _aThis conference paper from the ICEC 2004 World Conference presents an overview of current projects looking at the estimating process. Table itemises owner estimate classes. Figures illustrate a simplified estimating workflow, a typical estimating screen, Computer-Aided Estimating (CAE) and estimating interface, and an interface with project management software. Concludes that the use of CAE can help streamline and accelerate the economic evaluation process. | ||
| 590 | _aABS | ||
| 590 | _aABS | ||
| 650 | _aESTIMATING | ||
| 650 | _aCOMPUTER-AIDED ESTIMATING | ||
| 650 | _aESTIMATING SOFTWARE | ||
| 690 |
_aQUANTITY SURVEYING _96263 |
||
| 700 | _aMcMullan, L. | ||
| 942 | _n0 | ||
| 999 |
_c118054 _d118054 |
||